[Event "FRA T IV 0910"]
[Site "Midi-Pyrénées"]
[Date "2009.10.18"]
[Round "2"]
[White "Peltier, Mathieu"]
[Black "Gelfert, Yann"]
[Result "0-1"]
[WhiteElo "1860"]
[BlackElo "1850"]
[PlyCount "80"]
[EventDate "2009.10.18"]
[EventType "team-match"]
[EventCountry "FRA"]

1. e4 g6 2. Nc3 Bg7 3. g3 c5 4. Bg2 Nc6 5. d3 Nf6 6. Be3 d6 7. h3 Qb6 8. Rb1
O-O 9. Nge2 e5 10. O-O Nd4 11. f4 Be6 12. g4 Nxe2+ 13. Qxe2 exf4 14. Bxf4 Nd7
15. Nd5 Bxd5 16. exd5 Rae8 17. Qd2 c4+ 18. Kh1 cxd3 19. Qxd3 Ne5 20. Qg3 a5 21.
b3 Rc8 22. c4 a4 23. h4 Qa6 24. h5 b5 25. h6 Bh8 26. Bg5 f6 27. cxb5 Qxb5 28.
Bf4 a3 29. Be4 Qe2 30. Qg2 Qxg2+ 31. Bxg2 Rc2 32. Kg1 Rfc8 33. Rbc1 Nxg4 34.
Rxc2 Rxc2 35. Bxd6 f5 36. Bxa3 Bd4+ 37. Kh1 Rxa2 38. Be7 Kf7 39. d6 Rxg2 40.
Rd1 Rh2# 0-1

[Event "FRA T IV 0910"]
[Site "Midi-Pyrénées"]
[Date "2009.10.18"]
[Round "2"]
[White "Jung, Pascal"]
[Black "Auge, Jean"]
[Result "1-0"]
[WhiteElo "2062"]
[BlackElo "1924"]
[PlyCount "71"]
[EventDate "2009.10.18"]
[EventType "team-match"]
[EventCountry "FRA"]

1. d4 d5 2. c4 dxc4 3. Nf3 c5 4. e3 cxd4 5. Bxc4 e6 6. exd4 Bb4+ 7. Nc3 Nf6 8.
O-O O-O 9. Qe2 Nbd7 10. Rd1 Nb6 11. Bb3 Nfd5 12. Bd2 Be7 13. Rac1 Bd7 14. Re1
Bf6 15. Ne4 Be7 16. Nc5 Bc6 17. a3 Nd7 18. Nxe6 fxe6 19. Qxe6+ Kh8 20. Bxd5
Bxd5 21. Qxd5 Bf6 22. Qh5 g6 23. Qg4 Nb6 24. Bb4 Re8 25. Ne5 Kg7 26. Nf3 Nd5
27. Rxe8 Qxe8 28. Bd6 Rd8 29. Be5 Qd7 30. Qe4 b6 31. h3 Re8 32. Qh4 h6 33. Qg3
Rc8 34. Re1 Rc2 35. Nh4 g5 36. Qd3 1-0

[Event "FRA T IV 0910"]
[Site "Midi-Pyrénées"]
[Date "2009.10.18"]
[Round "?"]
[White "Lamy, Loic"]
[Black "Wassen, Antoine"]
[Result "1-0"]
[WhiteElo "2052"]
[BlackElo "1681"]
[PlyCount "61"]
[EventDate "2009.10.18"]
[EventType "team-match"]
[EventCountry "FRA"]

1. e4 e5 2. f4 Qf6 3. Nf3 Nc6 4. Nc3 Nge7 5. Bc4 h6 6. O-O Ng6 7. fxe5 Ncxe5 8.
Nxe5 Qb6+ 9. d4 Nxe5 10. Nd5 Qc6 11. Bb5 Qd6 12. dxe5 Qxe5 13. Bf4 Qxb2 14.
Nxc7+ Kd8 15. Nxa8 Qxb5 16. Qd5 Qxd5 17. Bc7+ Ke8 18. exd5 Bc5+ 19. Kh1 d6 20.
Rae1+ Kf8 21. Re4 g5 22. Bd8 f5 23. Nc7 Kg7 24. Ne8+ Kg6 25. Re7 Bd4 26. Bc7 f4
27. Nxd6 Bg4 28. h3 Bf5 29. Nxf5 Kxf5 30. Re6 Bc3 31. g4# 1-0

[Event "FRA T IV 0910"]
[Site "Midi-Pyrénées"]
[Date "2009.10.18"]
[Round "2"]
[White "Cesbron, Guy"]
[Black "Toullec, Renan"]
[Result "1-0"]
[WhiteElo "2052"]
[BlackElo "1681"]
[PlyCount "55"]
[EventDate "2009.10.18"]
[EventType "team-match"]
[EventCountry "FRA"]

1. e4 e5 2. Nf3 Nc6 3. Bb5 a6 4. Ba4 Nf6 5. O-O b5 6. Bb3 Be7 7. Re1 d6 8. c3
O-O 9. d4 Bg4 10. Be3 Na5 11. Bc2 Nc4 12. Bc1 Re8 13. b3 Nb6 14. dxe5 Bxf3 15.
Qxf3 dxe5 16. Nd2 c5 17. Nf1 Qc7 18. Bg5 Nc8 19. Ne3 Qc6 20. Nf5 Bf8 21. Rad1
h6 22. Nxh6+ gxh6 23. Bxf6 Re6 24. Qg3+ Kh7 25. Bxe5 Rg6 26. Qf3 Qe6 27. Bg3
Kg7 28. e5 1-0

[Event "FRA T IV 0910"]
[Site "Midi-Pyrénées"]
[Date "2009.10.18"]
[Round "2"]
[White "Jouanneau, Armand"]
[Black "Hervet, Gilles"]
[Result "1-0"]
[WhiteElo "1821"]
[BlackElo "2054"]
[PlyCount "79"]
[EventDate "2009.10.18"]
[EventType "team-match"]
[EventCountry "FRA"]

1. e4 d5 2. exd5 Nf6 3. Nf3 Qxd5 4. Nc3 Qa5 5. Bc4 Nc6 6. h3 Bf5 7. d3 Ne5 8.
Nxe5 Qxe5+ 9. Be3 e6 10. Qf3 c6 11. Qf4 Qa5 12. O-O Rd8 13. Bd4 Be7 14. Be5 Rd7
15. Rfe1 O-O 16. Qg5 h6 17. Qg3 b5 18. Bb3 Bg6 19. Bxe6 fxe6 20. Qxg6 b4 21.
Bxf6 Bxf6 22. Ne4 Re7 23. Nxf6+ Rxf6 24. Qg3 Ref7 25. f3 Qc5+ 26. Qf2 Qd5 27.
Re4 a5 28. b3 Qg5 29. Kh1 Qh5 30. Rf1 c5 31. Qe3 Qd5 32. Re5 Qd7 33. Rxc5 Rf5
34. Re1 Rxc5 35. Qxc5 Qb7 36. Qe3 Rf6 37. Re2 Kf7 38. Kg1 Qc6 39. Qa7+ Kg8 40.
Qxa5 1-0

[Event "FRA T IV 0910"]
[Site "Midi-Pyrénées"]
[Date "2009.10.18"]
[Round "2"]
[White "Chmargounof, G."]
[Black "Arioli, Claude"]
[Result "1-0"]
[WhiteElo "1730"]
[BlackElo "1930"]
[PlyCount "83"]
[EventDate "2009.10.18"]
[EventType "team-match"]
[EventCountry "FRA"]

1. d4 Nf6 2. c4 d6 3. Nc3 g6 4. e4 Bg7 5. Nf3 O-O 6. Bd3 Nc6 7. h3 e5 8. d5 Nb4
9. Bb1 a5 10. Bg5 Bd7 11. Qd2 Re8 12. Nh2 Qc8 13. Ne2 Na6 14. O-O Nc5 15. Ng3
b5 16. b3 bxc4 17. bxc4 a4 18. Bc2 Qa6 19. Bd3 Rab8 20. Rab1 a3 21. Ra1 Rb2 22.
Qc3 Nxd3 23. Qxd3 Reb8 24. Bc1 R2b4 25. Qxa3 Qxc4 26. Bd2 Rb2 27. Rfc1 Rc2 28.
Nf3 Nxe4 29. Nxe4 Rxc1+ 30. Rxc1 Qxe4 31. Rxc7 Be8 32. Qxd6 Qb1+ 33. Kh2 e4 34.
Ng5 Qb2 35. Bc3 Bxc3 36. Rxc3 Ra8 37. Nxe4 Kg7 38. Qf6+ Kg8 39. d6 Qxa2 40. h4
Qd5 41. h5 Qxe4 42. h6 1-0

[Event "FRA T IV 0910"]
[Site "Midi-Pyrénées"]
[Date "2009.10.18"]
[Round "2"]
[White "Fraysse, Sebastien"]
[Black "El Haddachi, M."]
[Result "0-1"]
[WhiteElo "1660"]
[BlackElo "1570"]
[PlyCount "74"]
[EventDate "2009.10.18"]
[EventType "team-match"]
[EventCountry "FRA"]

1. c4 d5 2. cxd5 Qxd5 3. Nc3 Qa5 4. Nf3 e5 5. Qa4+ Qxa4 6. Nxa4 Bd7 7. Nc3 Nc6
8. g3 Bc5 9. Bg2 Nge7 10. d3 f6 11. a3 O-O-O 12. b4 Bb6 13. Na4 Bd4 14. Nxd4
Nxd4 15. O-O Nxe2+ 16. Kh1 Nxc1 17. Raxc1 Bxa4 18. Rc3 Bb5 19. Be4 f5 20. Bg2
Bxd3 21. Rfc1 Rd7 22. Rd1 Rhd8 23. Re1 Ng6 24. a4 e4 25. f3 a6 26. fxe4 fxe4
27. Bh3 Ne5 28. Bxd7+ Rxd7 29. Kg2 Nc4 30. Kf2 b5 31. axb5 axb5 32. Rcc1 e3+
33. Kf3 Rf7+ 34. Kg2 e2 35. Ra1 Ne3+ 36. Kg1 Rf1+ 37. Rxf1 exf1=Q+ 0-1

[Event "FRA T IV 0910"]
[Site "Midi-Pyrénées"]
[Date "2009.10.18"]
[Round "2"]
[White "Taieb, M."]
[Black "Cuallado, M."]
[Result "1/2-1/2"]
[WhiteElo "1730"]
[BlackElo "1599"]
[PlyCount "81"]
[EventDate "2009.10.18"]
[EventType "team-match"]
[EventCountry "FRA"]

1. e4 c5 2. c3 e5 3. Bc4 Nf6 4. d3 Nc6 5. Bg5 Be7 6. Nf3 Ng4 7. Bxe7 Qxe7 8.
Nbd2 d6 9. h3 Nf6 10. Nh4 Nxe4 11. Nxe4 Qxh4 12. Nxd6+ Ke7 13. Nxc8+ Rhxc8 14.
Qf3 Qf6 15. Qxf6+ Kxf6 16. O-O-O Rc7 17. Rde1 a6 18. Re3 b5 19. Rf3+ Kg5 20.
Bxf7 Rf8 21. h4+ Kh6 22. Bd5 Rxf3 23. Bxf3 Ne7 24. Re1 Ng6 25. h5 Nf4 26. Kc2
Re7 27. b4 cxb4 28. cxb4 Rc7+ 29. Kd2 Rd7 30. Re3 Nd5 31. Bxd5 Rxd5 32. g4 Rd4
33. Re4 Kg5 34. Rxe5+ Kxg4 35. Re4+ Rxe4 36. dxe4 Kxh5 37. f4 Kg6 38. Ke3 Kf6
39. Kf3 g5 40. f5 h5 41. Kg3 1/2-1/2

[Event "FRA T IV 0910"]
[Site "Midi-Pyrénées"]
[Date "2009.10.18"]
[Round "2"]
[White "Haroyan"]
[Black "Garcia Del Prado, M."]
[Result "1-0"]
[WhiteElo "1610"]
[BlackElo "1780"]
[PlyCount "71"]
[EventDate "2009.10.18"]
[EventType "team-match"]
[EventCountry "FRA"]

1. e4 e5 2. Nf3 Nf6 3. d4 exd4 4. Qxd4 Nc6 5. Qc4 Qe7 6. Nc3 Qc5 7. Be3 Qxc4 8.
Bxc4 Bb4 9. Bd5 Ne7 10. Bd2 Nexd5 11. exd5 O-O 12. O-O-O a6 13. Rhe1 d6 14. h3
Bf5 15. g4 Bxc3 16. Bxc3 Bd7 17. Bxf6 gxf6 18. Re7 Bb5 19. Nd4 Bc4 20. Nf5 c6
21. dxc6 bxc6 22. Rxd6 Bf1 23. Rxc6 Bxh3 24. Rxf6 h5 25. gxh5 Bxf5 26. Rxf5 f6
27. h6 Rf7 28. Rxf7 Kxf7 29. h7 Kg6 30. Rf3 Rh8 31. Rh3 f5 32. f4 Kf6 33. Rh6+
Kg7 34. Rxa6 Kxh7 35. Rf6 Kg7 36. Rxf5 1-0

[Event "FRA T IV 0910"]
[Site "Midi-Pyrénées"]
[Date "2009.12.13"]
[Round "4"]
[White "Martinez, Benito"]
[Black "Camilleri, Herve"]
[Result "0-1"]
[WhiteElo "1820"]
[BlackElo "1800"]
[PlyCount "100"]
[EventDate "2009.10.18"]
[EventType "team-match"]
[EventCountry "FRA"]

1. e4 e5 2. f4 exf4 3. Nf3 d5 4. exd5 Nf6 5. Nc3 Bb4 6. Bc4 O-O 7. O-O Bg4 8.
a3 Ba5 9. b4 Bb6+ 10. d4 c6 11. Bxf4 cxd5 12. Bb5 Ne4 13. Qd3 Nd6 14. Bxd6 Qxd6
15. Ne5 Bh5 16. Kh1 f6 17. Nf3 Bc7 18. g3 Nd7 19. Nxd5 Bg6 20. Qb3 Bf7 21. Bc4
b5 22. Nxc7 Bxc4 23. Nxb5 Qc6 24. Qb2 Bxf1 25. Rxf1 Qxb5 26. Qb3+ Kh8 27. c4
Qb7 28. Kg2 Rab8 29. h4 Rfe8 30. Rf2 Re4 31. Kh2 Rbe8 32. Qb2 Re3 33. d5 Qa6
34. Qc2 Qxa3 35. Qf5 Ne5 36. Ng5 Ng4+ 37. Qxg4 fxg5 38. hxg5 Qxb4 39. Qf5 Qd6
40. Rf3 Rxf3 41. Qxf3 Rf8 42. Qe2 a5 43. Qe3 a4 44. Qd4 Rc8 45. Qg4 Qc5 46. Qe6
Qxc4 47. Qd7 Qe2+ 48. Kh3 Qh5+ 49. Kg2 Rc2+ 50. Kf1 Qd1# 0-1

[Event "FRA T IV 0910"]
[Site "Midi-Pyrénées"]
[Date "2009.12.13"]
[Round "4"]
[White "Fora, Jean Paul"]
[Black "Chareyre, Serge"]
[Result "0-1"]
[WhiteElo "1510"]
[BlackElo "1810"]
[PlyCount "56"]
[EventDate "2009.10.18"]
[EventType "team-match"]
[EventCountry "FRA"]

1. c4 c6 2. Nc3 Nf6 3. Nf3 d5 4. cxd5 cxd5 5. d4 e6 6. e3 a6 7. Bd3 Nc6 8. a3
Bd6 9. O-O Bb8 10. Re1 O-O 11. b4 b5 12. Bb2 e5 13. dxe5 Nxe5 14. Bf1 Nxf3+ 15.
Qxf3 Bg4 16. Nxd5 Bxf3 17. Nxf6+ gxf6 18. gxf3 Be5 19. Rad1 Qc7 20. Bxe5 fxe5
21. Bg2 Rad8 22. Rc1 Qd6 23. Rc5 Rc8 24. Rxc8 Rxc8 25. Bh3 Qd2 26. Bxc8 Qxe1+
27. Kg2 Qc3 28. Bxa6 Qc6 0-1

[Event "FRA T IV 0910"]
[Site "Midi-Pyrénées"]
[Date "2009.12.13"]
[Round "4"]
[White "Vivier, Theo"]
[Black "Callejon, Bernard"]
[Result "1/2-1/2"]
[WhiteElo "1741"]
[BlackElo "1570"]
[PlyCount "58"]
[EventDate "2009.10.18"]
[EventType "team-match"]
[EventCountry "FRA"]

1. e4 e5 2. Nf3 Nc6 3. Bb5 a6 4. Ba4 Nf6 5. O-O b5 6. Bb3 d6 7. Ng5 d5 8. exd5
Nd4 9. d3 Nxb3 10. axb3 Bd6 11. Re1 O-O 12. d4 exd4 13. Qxd4 Nxd5 14. Nc3 Nxc3
15. Qxc3 Bb7 16. Qd3 g6 17. Be3 Qf6 18. Ne4 Bxe4 19. Qxe4 Rfe8 20. Bd4 Rxe4 21.
Bxf6 Rae8 22. Kf1 Rxe1+ 23. Rxe1 Rxe1+ 24. Kxe1 Kf8 25. Ke2 Ke8 26. Kf3 Kd7 27.
Kg4 Ke6 28. Bc3 Be7 29. Kf4 Kd5 1/2-1/2

[Event "FRA T IV 0910"]
[Site "Midi-Pyrénées"]
[Date "2009.12.13"]
[Round "4"]
[White "Hekel, Sacha"]
[Black "Bildstein, Gerard"]
[Result "0-1"]
[WhiteElo "1599"]
[BlackElo "1720"]
[PlyCount "82"]
[EventDate "2009.10.18"]
[EventType "team-match"]
[EventCountry "FRA"]

1. e4 d5 2. exd5 Nf6 3. c4 e6 4. Nc3 exd5 5. d4 dxc4 6. Bxc4 Be7 7. Nge2 O-O 8.
O-O Nbd7 9. Ng3 Nb6 10. Bd3 Nbd5 11. Nge4 Nxe4 12. Bxe4 Nf6 13. Bc2 c6 14. Qd3
g6 15. Bg5 Bf5 16. Qd2 Bxc2 17. Qxc2 Qxd4 18. Rad1 Qc5 19. Rfe1 Qxg5 20. Rxe7
Nh5 21. Qe4 Nf4 22. g3 Ne6 23. Rdd7 Nc5 24. Re5 Qc1+ 25. Rd1 Qxd1+ 26. Nxd1
Nxe4 27. Rxe4 Rfe8 28. Nc3 Rxe4 29. Nxe4 Rd8 30. Kg2 f5 31. Ng5 Rd2 32. h4 Rxb2
33. Ne6 Rxa2 34. Nd8 Rb2 35. Ne6 a5 36. Nd4 a4 37. Kf3 a3 38. Ke3 a2 39. h5
a1=Q 40. hxg6 hxg6 41. Kf3 Qd1+ 0-1

[Event "FRA T IV 0910"]
[Site "Midi-Pyrénées"]
[Date "2009.12.13"]
[Round "4"]
[White "Breton, Yves"]
[Black "Tillol, J C."]
[Result "1-0"]
[WhiteElo "1940"]
[BlackElo "1730"]
[PlyCount "81"]
[EventDate "2009.10.18"]
[EventType "team-match"]
[EventCountry "FRA"]

1. Nf3 d5 2. c4 c6 3. b3 Nf6 4. Bb2 Nbd7 5. g3 e6 6. Bg2 Bd6 7. d4 Qa5+ 8. Nbd2
Bb4 9. O-O Ba3 10. Bxa3 Qxa3 11. e4 dxe4 12. Ng5 h6 13. Ngxe4 O-O 14. Re1 c5
15. dxc5 Nxe4 16. Nxe4 Nxc5 17. Qd6 Bd7 18. Qxc5 Qa6 19. Red1 Rac8 20. Qd6 Bc6
21. Rd2 Qa5 22. Rad1 a6 23. Qf4 Rcd8 24. Rxd8 Rxd8 25. Rxd8+ Qxd8 26. Nd6 Qd7
27. Bxc6 bxc6 28. c5 a5 29. Kg2 Kf8 30. Ne4 Kg8 31. Qb8+ Kh7 32. Nd6 Qe7 33.
Qb7 Qg5 34. Qxc6 Qd2 35. Nxf7 Qe2 36. Nd8 e5 37. Qf3 Qc2 38. Ne6 a4 39. Qb7 Qg6
40. Nf8+ Kg8 41. Nxg6 1-0

[Event "FRA T IV 0910"]
[Site "Midi-Pyrénées"]
[Date "2009.12.13"]
[Round "4"]
[White "Tabone, Yves"]
[Black "Leconte, R."]
[Result "1-0"]
[WhiteElo "1680"]
[BlackElo "1780"]
[PlyCount "141"]
[EventDate "2009.10.18"]
[EventType "team-match"]
[EventCountry "FRA"]

1. e4 d5 2. exd5 Nf6 3. Nf3 Nxd5 4. Bc4 Nb6 5. Bb3 Bf5 6. Nc3 e6 7. d3 Nc6 8.
Bf4 Bd6 9. Qd2 Na5 10. Nd4 Nxb3 11. Nxb3 Qf6 12. O-O h6 13. Nb5 e5 14. Rfe1 O-O
15. Bg3 a6 16. Nc3 Rfe8 17. Ne4 Bxe4 18. Rxe4 Nd5 19. Rae1 Qf5 20. c4 Nf6 21.
c5 Nxe4 22. dxe4 Qf6 23. cxd6 Qxd6 24. Rd1 Qxd2 25. Rxd2 Rad8 26. f3 Rxd2 27.
Nxd2 Rd8 28. Be1 f6 29. Kf1 Kf7 30. Ke2 Ke6 31. Nb3 b6 32. Nd2 Rd6 33. Nf1 Rc6
34. Bc3 g6 35. Ne3 Rc5 36. a3 c6 37. Kd2 a5 38. a4 f5 39. exf5+ gxf5 40. b4
axb4 41. Bxb4 Rd5+ 42. Nxd5 Kxd5 43. a5 bxa5 44. Bxa5 e4 45. Ke3 c5 46. Kf4 Kd4
47. Bb6 e3 48. Bxc5+ Kxc5 49. Kxe3 Kd6 50. Kf4 Ke6 51. g4 fxg4 52. Kxg4 Kf6 53.
h4 Kg6 54. f4 h5+ 55. Kg3 Kf6 56. Kf2 Ke6 57. Ke3 Kf5 58. Kf3 Kf6 59. Ke4 Ke6
60. f5+ Kf6 61. Kf4 Kf7 62. Kg5 Kg7 63. f6+ Kf7 64. Kf5 Kf8 65. Kg6 Kg8 66.
Kxh5 Kf7 67. Kg5 Kf8 68. Kg6 Kg8 69. h5 Kh8 70. Kf7 Kh7 71. Ke8 1-0

[Event "FRA T IV 0910"]
[Site "Midi-Pyrénées"]
[Date "2009.12.13"]
[Round "4"]
[White "Gazen, R."]
[Black "Boufarachan, F."]
[Result "1-0"]
[WhiteElo "1580"]
[BlackElo "1730"]
[PlyCount "89"]
[EventDate "2009.10.18"]
[EventType "team-match"]
[EventCountry "FRA"]

1. b3 e6 2. Bb2 Nf6 3. e3 d5 4. Nf3 Bd6 5. c4 O-O 6. Nc3 c6 7. d4 Re8 8. Be2
Nbd7 9. O-O e5 10. dxe5 Nxe5 11. cxd5 cxd5 12. Nxd5 Nxd5 13. Qxd5 Qc7 14. Rac1
Nc6 15. Qg5 Bf8 16. Bd3 h6 17. Qg3 Qd8 18. Rfd1 Qe7 19. Bb5 Bd7 20. Bxc6 Bxc6
21. Nd4 Be4 22. f3 Bg6 23. e4 Rac8 24. Nb5 Qb4 25. Nc7 Red8 26. Rxd8 Rxd8 27.
Nd5 Qd2 28. Qe5 Kh7 29. h4 f6 30. Qc3 Qe2 31. Re1 Qb5 32. Kh1 Bd6 33. a4 Qd7
34. Kg1 Bf7 35. Rd1 Rc8 36. Qd4 Bc5 37. Qxc5 Rxc5 38. Nxf6+ gxf6 39. Rxd7 Kg6
40. Rxb7 Rc2 41. Bd4 a6 42. Rb6 Rd2 43. Bxf6 Kh5 44. g4+ Kg6 45. Bc3+ 1-0

[Event "FRA T IV 0910"]
[Site "Midi-Pyrénées"]
[Date "2009.12.13"]
[Round "4"]
[White "Brethes, Francois"]
[Black "Moreau, Philippe"]
[Result "1-0"]
[WhiteElo "2265"]
[BlackElo "1728"]
[PlyCount "71"]
[EventDate "2009.10.18"]
[EventType "team-match"]
[EventCountry "FRA"]

1. d4 Nf6 2. Nf3 d6 3. c4 g6 4. Nc3 Bg7 5. Bg5 O-O 6. e3 c5 7. d5 a6 8. a4 Qa5
9. Bd3 Bg4 10. O-O Bxf3 11. Qxf3 Nbd7 12. Qd1 Ne5 13. Be2 Qb4 14. Ra3 Qa5 15.
f4 Ned7 16. Re1 Rfe8 17. e4 Nf8 18. Bf1 N6d7 19. Qg4 Qb6 20. Qd1 Qa5 21. Rb3
Rab8 22. Kh1 Qc7 23. Bh4 Qa5 24. Bg3 Nf6 25. h3 Qd8 26. e5 Nh5 27. Bh2 Bh8 28.
g4 Ng7 29. Ne4 Nd7 30. exd6 exd6 31. Nxd6 Rxe1 32. Qxe1 Nb6 33. f5 Nxa4 34.
Nxb7 Rxb7 35. Rxb7 Qe8 36. Rb8 1-0

[Event "FRA T IV 0910"]
[Site "Midi-Pyrénées"]
[Date "2009.12.13"]
[Round "4"]
[White "Lefauqueur, A."]
[Black "Grimmer, Jonathan"]
[Result "0-1"]
[WhiteElo "1530"]
[BlackElo "1884"]
[PlyCount "50"]
[EventDate "2009.10.18"]
[EventType "team-match"]
[EventCountry "FRA"]

1. d4 f5 2. c4 Nf6 3. Nc3 e6 4. Nf3 Be7 5. e3 O-O 6. a3 d6 7. Bd3 Nc6 8. b4 e5
9. Bc2 e4 10. Nd2 Qe8 11. Bb3 f4 12. Ndxe4 Nxe4 13. Nxe4 Bh4 14. c5+ Kh8 15.
Bd5 Ne7 16. Nxd6 cxd6 17. Bf3 fxe3 18. Bxe3 Nf5 19. Kd2 dxc5 20. dxc5 Bf6 21.
Qc2 Bxa1 22. Rxa1 Nxe3 23. fxe3 Bf5 24. e4 Rd8+ 25. Ke3 Qe5 0-1

[Event "FRA T IV 0910"]
[Site "Midi-Pyrénées"]
[Date "2009.12.13"]
[Round "4.1"]
[White "Bouthier, Jacques"]
[Black "Orbillot, Serge"]
[Result "1-0"]
[WhiteElo "1932"]
[BlackElo "1499"]
[PlyCount "53"]
[EventDate "2009.10.18"]
[EventType "team-match"]
[EventCountry "FRA"]

1. e4 d6 2. d4 Nf6 3. Nc3 g6 4. f3 Bg7 5. Be3 Nbd7 6. Nh3 b6 7. Bc4 e6 8. Qd2
c5 9. O-O-O Bb7 10. Nb5 Qe7 11. Nc7+ Kf8 12. Nxa8 Bxa8 13. dxc5 dxc5 14. Bf4 e5
15. Bh6 Nxe4 16. fxe4 Bxe4 17. Bxg7+ Kxg7 18. Qxd7 Re8 19. Qxe7 Rxe7 20. Bd5
Bf5 21. Nf2 Be6 22. Bxe6 Rxe6 23. Rd7 Rf6 24. Ne4 Rf4 25. Re1 Kf8 26. Ng5 f6
27. Ne6+ 1-0

[Event "FRA T IV 0910"]
[Site "Midi-Pyrénées"]
[Date "2009.12.13"]
[Round "4"]
[White "Laffont, Jean Christophe"]
[Black "Egea, Claude"]
[Result "0-1"]
[WhiteElo "1565"]
[BlackElo "1640"]
[PlyCount "126"]
[EventDate "2009.10.18"]
[EventType "team-match"]
[EventCountry "FRA"]

1. c4 c6 2. Nc3 e6 3. e4 d5 4. e5 d4 5. Ne4 c5 6. Nf3 Bd7 7. Qb3 Bc6 8. Bd3 Nd7
9. O-O Qc7 10. Qd1 Nxe5 11. Nxe5 Qxe5 12. f4 Qc7 13. Ng5 Nf6 14. Bc2 Bd6 15. d3
O-O-O 16. a3 h6 17. Nh3 Rdg8 18. b4 b6 19. b5 Bd7 20. a4 g5 21. Qf3 g4 22. Qa8+
Qb8 23. Qxb8+ Kxb8 24. Nf2 h5 25. Ne4 Nxe4 26. dxe4 h4 27. a5 f5 28. e5 Be7 29.
axb6 axb6 30. Bd2 Kb7 31. Ra6 Ra8 32. Rfa1 Rxa6 33. Rxa6 Rb8 34. Be1 h3 35.
gxh3 gxh3 36. Bd1 Rg8+ 37. Bg3 Bc8 38. Bf3+ Kc7 39. Ra7+ Kd8 40. Kh1 Rh8 41.
Be1 Bh4 42. Bd2 Bf2 43. Rg7 Bd7 44. Bb7 Be8 45. Ba8 Rf8 46. Bf3 Bf7 47. Bc6 Ke7
48. Rg5 Rc8 49. Bf3 Rc7 50. Rg7 Kf8 51. Rh7 Ra7 52. Rh8+ Kg7 53. Ra8 Rxa8 54.
Bxa8 Bh5 55. Bc6 Be2 56. Ba8 Bxc4 57. Bc6 Be2 58. Bb7 c4 59. Bc1 d3 60. Bd2 Bd4
61. Bc6 c3 62. Bxc3 Bxc3 63. Kg1 Bd4+ 0-1

[Event "FRA T IV 0910"]
[Site "Midi-Pyrénées"]
[Date "2009.12.13"]
[Round "4"]
[White "Charruyer, Baptiste"]
[Black "Torchausse, M."]
[Result "1/2-1/2"]
[WhiteElo "1683"]
[BlackElo "1560"]
[PlyCount "138"]
[EventDate "2009.10.18"]
[EventType "team-match"]
[EventCountry "FRA"]

1. Nf3 e6 2. d4 d5 3. Bf4 Bd6 4. Bg3 Nf6 5. e3 Ne4 6. Bd3 Nxg3 7. hxg3 g6 8. c3
Nc6 9. Qc2 Qf6 10. Nbd2 Bd7 11. e4 Be7 12. e5 Qg7 13. Nb3 b6 14. Qd2 a5 15. Qh6
Qxh6 16. Rxh6 Bf8 17. Rh2 Bg7 18. Bb5 Ke7 19. a4 Raf8 20. Kd2 f5 21. Rah1 h5
22. Nh4 Kf7 23. f4 Nb8 24. Bxd7 Nxd7 25. Nf3 Bh6 26. Nc1 c5 27. Nd3 c4 28. Nf2
Rb8 29. Ra1 b5 30. axb5 Rxb5 31. Kc2 Ra8 32. Rhh1 a4 33. Rhb1 Nb6 34. Nh3 Nd7
35. Ra3 Rba5 36. Rba1 Nf8 37. Nhg5+ Ke7 38. Kc1 Nd7 39. Kd2 R8a6 40. Nh3 Kf7
41. Ne1 Bf8 42. Ng5+ Kg7 43. R3a2 a3 44. bxa3 Bxa3 45. Ke2 Bb4 46. Rxa5 Rxa5
47. Rxa5 Bxa5 48. Nxe6+ Kf7 49. Ng5+ Ke7 50. Kd2 Nb6 51. Nef3 Na4 52. Nh4 Nxc3
53. Nxg6+ Ke8 54. Nh4 Ne4+ 55. Kc2 Nxg3 56. Ne6 Ke7 57. Ng7 Ne2 58. Nhxf5+ Kf7
59. e6+ Kf6 60. e7 Nxd4+ 61. Nxd4 Kxe7 62. Nc6+ Kf7 63. Nxh5 Bc7 64. Nb4 d4 65.
Nc6 d3+ 66. Kd2 Kg6 67. g4 Bxf4+ 68. Nxf4+ Kg5 69. Ne5 Kxf4 1/2-1/2

[Event "FRA T IV 0910"]
[Site "Midi-Pyrénées"]
[Date "2009.??.??"]
[Round "4.2"]
[White "Houderic, Yann"]
[Black "Vainguer, Guillaume"]
[Result "0-1"]
[WhiteElo "1580"]
[BlackElo "1777"]
[PlyCount "96"]
[EventDate "2009.10.18"]
[EventType "team-match"]
[EventCountry "FRA"]

1. Nc3 Nf6 2. e4 d5 3. e5 Ng4 4. d4 Nh6 5. Bxh6 gxh6 6. f4 e6 7. Nf3 c5 8. Bb5+
Bd7 9. O-O Qb6 10. Bxd7+ Nxd7 11. Na4 Qc6 12. b3 b5 13. Nb2 a5 14. Kh1 Nb6 15.
f5 c4 16. fxe6 Qxe6 17. Nh4 Nd7 18. Qh5 Be7 19. Nf5 Qg6 20. Qxh6 Qxh6 21. Nxh6
f6 22. Rae1 fxe5 23. dxe5 O-O-O 24. Rf7 Bb4 25. Re2 Bc3 26. e6 Bxb2 27. exd7+
Rxd7 28. Re6 Rxf7 29. Nxf7 Rf8 30. Re7 Ba3 31. Ra7 d4 32. Ra8+ Kc7 33. Rxf8
Bxf8 34. Ne5 cxb3 35. axb3 a4 36. bxa4 bxa4 37. Nd3 a3 38. Nc1 Bc5 39. g4 Kc6
40. Kg2 Kd5 41. Kf3 Kc4 42. Ke2 Kc3 43. Kd1 Bd6 44. h4 Bg3 45. h5 Bh4 46. Ne2+
Kb2 47. Nxd4 a2 48. Nb3 Bg5 0-1

[Event "FRA T IV 0910"]
[Site "Midi-Pyrénées"]
[Date "2009.??.??"]
[Round "4.3"]
[White "Prieur, Axel"]
[Black "Amblard, Philippe"]
[Result "0-1"]
[WhiteElo "1692"]
[BlackElo "1660"]
[PlyCount "66"]
[EventDate "2009.10.18"]
[EventType "team-match"]
[EventCountry "FRA"]

1. d4 d5 2. Bg5 Bg4 3. f3 Bf5 4. e3 f6 5. Bh4 e6 6. Bd3 Bxd3 7. Qxd3 Qd7 8. Ne2
Nc6 9. a3 Bd6 10. O-O Nge7 11. Ng3 Ng6 12. Bxf6 gxf6 13. Nh5 Qf7 14. f4 Rg8 15.
Ng3 f5 16. Nd2 Be7 17. c4 dxc4 18. Nxc4 Bh4 19. Ne2 O-O-O 20. Rac1 Nge7 21. Rc2
Nd5 22. Rfc1 Rg6 23. e4 fxe4 24. Qxe4 Qf5 25. Qf3 Rdg8 26. g3 Bf6 27. Rd2 h5
28. b4 h4 29. Ne3 Nxe3 30. Qxe3 hxg3 31. hxg3 Qh3 32. Rd3 Bxd4 33. Nxd4 Rxg3+
0-1

[Event "FRA T IV 0910"]
[Site "Midi-Pyrénées"]
[Date "2009.??.??"]
[Round "4.4"]
[White "Pichot, Benjamin"]
[Black "Haddab, Roland"]
[Result "0-1"]
[WhiteElo "1480"]
[BlackElo "1740"]
[PlyCount "124"]
[EventDate "2009.10.18"]
[EventType "team-match"]
[EventCountry "FRA"]

1. e4 e5 2. Nc3 Nf6 3. f4 d6 4. Nf3 Bg4 5. h3 Bd7 6. fxe5 dxe5 7. Nxe5 Bd6 8.
d4 O-O 9. Be2 c5 10. O-O cxd4 11. Qxd4 Bc7 12. Kh1 Qc8 13. Nxd7 Nbxd7 14. Bg5
Be5 15. Qe3 Re8 16. Bb5 a6 17. Be2 Bxc3 18. bxc3 Rxe4 19. Qf2 Qxc3 20. Bd3 Re7
21. Qg3 Qe5 22. Bf4 Qh5 23. Rab1 b5 24. Rb4 Rae8 25. Bg5 Ne4 26. Bxe4 Rxe4 27.
Rb3 h6 28. Bc1 Qg6 29. Qc7 Re1 30. Rbf3 Rxf1+ 31. Rxf1 Nf6 32. c4 Qd3 33. Qf4
bxc4 34. Rf3 Qd1+ 35. Rf1 Re1 36. Rxe1 Qxe1+ 37. Kh2 c3 38. Ba3 Qd2 39. Qc4 Kh7
40. Qxa6 Qf4+ 41. Kg1 Ne4 42. Qd3 f5 43. Qc2 Qd2 44. Qb1 c2 45. Qb2 Nc3 46. Kh1
Ne2 47. Qb6 c1=Q+ 48. Bxc1 Qxc1+ 49. Kh2 Qf4+ 50. Kh1 Ng3+ 51. Kg1 h5 52. Qf2
Qc1+ 53. Kh2 h4 54. Qg1 Qf4 55. Qb1 Ne2+ 56. Kh1 Qc1+ 57. Qxc1 Nxc1 58. a4 Nb3
59. Kg1 Kg8 60. Kf2 Kf7 61. Ke3 g5 62. Kd3 Nc5+ 0-1

[Event "FRA T IV 0910"]
[Site "Midi-Pyrénées"]
[Date "2009.12.13"]
[Round "4"]
[White "Lopez, Gerard"]
[Black "Arlabosse, Nicolas"]
[Result "0-1"]
[WhiteElo "1930"]
[BlackElo "1930"]
[PlyCount "55"]
[EventDate "2009.10.18"]
[EventType "team-match"]
[EventCountry "FRA"]

1. e4 c5 2. c3 d5 3. exd5 Qxd5 4. d4 Nf6 5. Nf3 Nc6 6. Be2 cxd4 7. cxd4 Bf5 8.
Nc3 Qa5 9. O-O e6 10. Bb5 Bb4 11. Ne5 Bxc3 12. Bxc6+ bxc6 13. Nxc6 Qb5 14. Ne5
Ba5 15. g4 Be4 16. a4 Qb7 17. Qe2 Rd8 18. f3 Bg6 19. h4 Bc7 20. Rd1 Bxe5 21.
dxe5 Rxd1+ 22. Qxd1 Qd5 23. Be3 Qxe5 24. Bxa7 Qg3+ 25. Kf1 Nxg4 26. Bg1 Ne5 27.
Bf2 Bd3+ 28. Qxd3 0-1